00895cam a2200277 i 450000100090000000300040000900500170001300800410003001000170007103500130008803500260010104000230012704200080015005000230015808200310018110000400021224500460025225000230029826400680032130000680038933600300045733600360048733700340052333800290055760000310058622368133OSt20260320195344.0210902s2021 mx a 000 0 spa  a 2021398665 a22368133 a(CVcHKB)hkb0000009921 aDLCbengerdacDLC apcc00aN6559.V38bA4 2021042Primera ed.a743.44bV331c1 aVasconcelos, Anais,d1993-eautora.13aUn cachondeo tirano /cAnais Vasconcelos. aPrimera edición. 1aCDMX [México] :bMiau Ediciones, Gato Negro Ediciones,c2021. a72 paginas sin numerar ;bprincipalmente ilustraciones ;c23 cm atextobtxt2contenido rda aimagen fijabsti2contenido rda asin mediaciónbn2medio rda avolumenbnc2soporte rda10aVasconcelos, Anais,d1993-